书目信息 |
| 题名: |
成本管理会计
|
|
| 作者: | 韩文连 , 黄毅勤 , 刘志翔 主编 | |
| 分册: | ||
| 出版信息: | 北京 首都经济贸易大学出版社 2009.01 |
|
| 页数: | 423页 | |
| 开本: | 24cm | |
| 丛书名: | 会计学专业系列教材 | |
| 单 册: | ||
| 中图分类: | F234.2 | |
| 科图分类: | ||
| 主题词: | 成本会计--cheng ben kuai ji--教材 , 管理会计--guan li kuai ji--教材 | |
| 电子资源: | ||
| ISBN: | 978-7-5638-1276-9 | |
| 000 | 01065nam 2200289 450 | |
| 001 | 012009733124 | |
| 005 | 20091016101325.60 | |
| 010 | @a978-7-5638-1276-9@dCNY37.00 | |
| 100 | @a20091016d2009 em y0chiy0120 ea | |
| 101 | 0 | @achi |
| 102 | @aCN@b110000 | |
| 105 | @ak z 000yy | |
| 106 | @ar | |
| 200 | 1 | @a成本管理会计@Acheng ben guan li kuai ji@f韩文连, 黄毅勤, 刘志翔主编@Fhan wen lian,huang yi qin,liu zhi xiang zhu bian |
| 210 | @a北京@c首都经济贸易大学出版社@d2009.01 | |
| 215 | @a423页@d24cm | |
| 225 | 2 | @a会计学专业系列教材@Akuai ji xue zhuan ye xi lie jiao cai |
| 330 | @a本书按照成本信息生成与应用系统、管理决策系统和管理控制系统的主线,分三个篇章阐述了成本管理会计的基本理论和方法。 | |
| 410 | 0 | @12001 @a会计学专业系列教材 |
| 606 | 0 | @a成本会计@Acheng ben kuai ji@x教材 |
| 606 | 0 | @a管理会计@Aguan li kuai ji@x教材 |
| 690 | @aF234.2@v4 | |
| 701 | 0 | @a韩文连@Ahan wen lian@4主编 |
| 701 | 0 | @a黄毅勤@Ahuang yi qin@4主编 |
| 701 | 0 | @a刘志翔@Aliu zhi xiang@4主编 |
| 801 | 0 | @aCN@bQSSK@c20091016 |
| 905 | @b763592-94@dF234.2@eH093@f3 | |
| 成本管理会计/韩文连, 黄毅勤, 刘志翔主编.-北京:首都经济贸易大学出版社,2009.01 |
| 423页;24cm.-(会计学专业系列教材) |
| ISBN 978-7-5638-1276-9:CNY37.00 |
| 本书按照成本信息生成与应用系统、管理决策系统和管理控制系统的主线,分三个篇章阐述了成本管理会计的基本理论和方法。 |
| ● |
| 相关链接 |
|
|
|
正题名:成本管理会计
索取号:F234.2/H093
 
预约/预借
| 序号 | 登录号 | 条形码 | 馆藏地/架位号 | 状态 | 备注 |
| 1 | 763592 | 207635923 | 社科库409/409社科库 77排1列4层/ [索取号:F234.2/H093] | 在馆 | |
| 2 | 763593 | 207635932 | 社科二线422/409社科库 77排1列4层/ [索取号:F234.2/H093] | 在馆 | |
| 3 | 763594 | 207635941 | 社科二线422/409社科库 77排1列4层/ [索取号:F234.2/H093] | 在馆 |